000
00310nam a22001217a 4500
008
180517b xxu||||| |||| 00| 0 eng d
041
_a
eng
080
_a
043.3
100
_a
0
101
_a
SHJ-BA
245
_a
Zhvillimi i Konkurences ne Bashkimin Evropian ne shqyrtime gjyqesore
_c
Ajeti, L
942
_2
udc
_c
BK
999
_c
45901
_d
45901